000
00339nam a2200145Ia 4500
999
_c
10558
_d
10558
003
OSt
005
20220404122235.0
008
220318s9999 xx 000 0 und d
020
_a
9787562341871
082
_a
725.092
100
_a
Shen Zhen
245
0
_a
Material Public Building Vol.1
260
_b
South china University
942
_2
ddc